000 00764nam a2200217Ii 4500
003 JO-AjNU
008 230605s9999||||xx |||||||||||||| ||und||
017 _a2003/1942
020 _a977-327-720-9
040 _aJO-AjNU
_bara
_erda
_cJO-AjNU
041 _aara
050 1 4 _aPN56 2003
100 3 _aعبد المتعالي،علاء الدين محمد,
_eauthor
_97784
245 0 0 _aهرمس مثلث الحكمة: بين الواقع والأسطورة
264 3 1 _aالإسكندرية: دار الوفاء لدنيا الطباعة والنشر، 2003
300 _a271ص
336 _atext
_btxt
_2rdacontent
337 _aunmediated
_bn
_2rdamedia
338 _avolume
_bnc
_2rdacarrier
650 4 _aالأدب العربي - أساطير دينية
_97785
999 _aA455
_c4023
_d4023